000 00721nam a2200241Ia 4500
005 20260121113159.0
008 11946 260114s9999 xx 000 0 eng d
020 _a9789814539302
037 _aEBOOK
040 _aCRL
_beng
_cCRL
041 _aeng
_2eng
084 _qCRL
100 _aNovak M Et Al
_9969514
245 0 _aTheoretical Aspects of Neurocomputing: Selected Papers from the Symposium on Neural Networks and Neurocomputing Neuronet '90
260 _bWorld Scientific
260 _bWSPC
260 _c1991
650 _aComputer Science
_9969515
856 _uhttps://www.worldscientific.com/worldscibooks/10.1142/1318#t=toc
942 _cEBOOK
999 _c1549246
_d1549246